[Event "FSV-ch 2011"]
[Site "Dortmund"]
[Date "2011.05.19"]
[Round "8.20"]
[White "Jentzsch, W. W."]
[Black "Jürgens, Ulrich"]
[Result "1-0"]
[WhiteElo "1169"]
[BlackElo "1131"]
[PlyCount "89"]
[EventDate "2011.??.??"]

1. d4 d5 2. Nc3 Nf6 3. Bf4 a6 4. Nf3 Nc6 5. g3 Bf5 6. a3 g6 7. e3 Bg7 8. b4 O-O
9. Bd3 Bg4 10. Be2 Ne4 11. Nxe4 dxe4 12. Ng5 Bf5 13. g4 Bd7 14. Nxe4 e5 15.
dxe5 Bxe5 16. Bxe5 Nxe5 17. f4 Qh4+ 18. Ng3 Bxg4 19. O-O Rfd8 20. Qe1 Qh3 21.
fxe5 Rd5 22. Bc4 Rxe5 23. Rxf7 Be6 24. Bxe6 Qxe6 25. Rf3 Re8 26. e4 Qb6+ 27.
Qf2 Qd6 28. Rf1 Rg5 29. Rf6 Qe7 30. Rf7 Qd6 31. c4 b6 32. Qb2 Rxg3+ 33. hxg3
Qxg3+ 34. Qg2 Qe3+ 35. Kh1 Qxe4 36. Qxe4 Rxe4 37. Rf8+ Kg7 38. R1f7+ Kh6 39.
Rxc7 Re1+ 40. Kg2 Rc1 41. c5 b5 42. Ra8 Rc2+ 43. Kf1 Rc1+ 44. Ke2 Rc2+ 45. Kd3
1-0

[Event "FSV-ch 2011"]
[Site "Dortmund"]
[Date "2011.05.19"]
[Round "8.21"]
[White "Riepe, Markus"]
[Black "Maffei, Hendrik"]
[Result "0-1"]
[WhiteElo "900"]
[BlackElo "1293"]
[PlyCount "82"]
[EventDate "2011.??.??"]

1. e4 g6 2. Nf3 Bg7 3. d4 d6 4. c4 Bg4 5. Be2 Nf6 6. Nc3 O-O 7. Be3 e6 8. Qd2
Re8 9. Bh6 Bh8 10. g3 Bxf3 11. Bxf3 c6 12. O-O-O Na6 13. a3 Rc8 14. h4 c5 15.
d5 e5 16. g4 Qd7 17. Rdg1 Re7 18. h5 Ne8 19. Bg5 f6 20. hxg6 fxg5 21. Qxg5 Kf8
22. Qh6+ Kg8 23. Qg5 hxg6 24. Rxh8+ Kxh8 25. Rh1+ Rh7 26. Rh6 Rxh6 27. Qxh6+
Qh7 28. Qd2 (28. Qf8+ $1 Qg8 29. Qh6+ Qh7 30. Qf8+ Qg8 $11) 28... Nac7 29. Ne2
b5 30. b3 bxc4 31. bxc4 Kg7 32. Kc2 Rb8 33. Qa5 Ra8 34. Qc3 a6 35. Bg2 g5 36.
Ng3 Nf6 37. Qa5 Nce8 38. Nf5+ Kf8 39. f3 Qb7 40. Qd2 Rb8 41. Kd3 Qb1+ 0-1

[Event "FSV-ch 2011"]
[Site "Dortmund"]
[Date "2011.05.19"]
[Round "8.22"]
[White "Böckmann, Lilo"]
[Black "Wangrin, Stefan A"]
[Result "1/2-1/2"]
[WhiteElo "926"]
[BlackElo "1140"]
[PlyCount "159"]
[EventDate "2011.??.??"]

1. c4 c5 2. Nc3 e5 3. g3 Nf6 4. Bg2 d6 5. e3 g6 6. Nge2 Bg7 7. O-O O-O 8. d3
Nbd7 9. b3 Rb8 10. Rb1 a6 11. a4 b6 12. e4 a5 13. Bd2 Re8 14. Nb5 Nf8 15. f3
Ne6 16. f4 exf4 17. Nxf4 Nxf4 18. Bxf4 Bg4 19. Qd2 Bf8 20. h3 Be6 21. e5 Nh5
22. Bg5 Qd7 23. exd6 Bxd6 24. Nxd6 Qxd6 25. g4 Ng7 26. Bf6 Qf8 27. Rf2 Rbc8 28.
Be4 Rc7 29. Re1 Bc8 30. Qf4 Ne6 31. Qe5 Rd7 32. Qg3 Bb7 33. Bf5 Rd6 34. Bxg6
fxg6 35. Bh8 Qe7 36. Bf6 Qf8 37. Be5 {(=)} 37... Qxf2+ 38. Qxf2 Rxd3 39. Bg3
Kg7 40. Kh2 Kg8 41. Rf1 Rf3 42. Qe1 Rxb3 43. Qd1 Nd4 44. Rf2 Rf3 45. Rxf3 Nxf3+
46. Kg2 Nd4+ 47. Kf2 Rf8+ 48. Ke1 Bg2 49. Bf2 Re8+ 50. Kd2 Nf3+ 51. Kc3 Nd4 52.
Bxd4 cxd4+ 53. Qxd4 Bxh3 54. Qd5+ Kg7 55. Qd4+ Kf7 56. g5 Be6 57. Qxb6 Bd7 58.
Qxa5 Re3+ 59. Kd4 Re2 60. Qd5+ Ke7 61. Qc5+ Kd8 62. a5 Ra2 63. Qb6+ Ke7 64.
Qf6+ Ke8 65. a6 Bc8 66. Qh8+ Kd7 67. Qxh7+ Kd8 68. Qg8+ Kc7 69. Qf7+ Kb8 70.
Qf4+ Ka7 71. Qc7+ Kxa6 72. Qxc8+ Ka7 73. Kd5 Ra5+ 74. c5 Ra2 75. Qc7+ Ka8 76.
c6 Rd2+ 77. Ke6 Re2+ 78. Kf7 Rf2+ 79. Kxg6 Rf6+ 80. Kxf6 $4 (80. Kh5 $1 {
und Weiss gewinnt leicht, man sehe:} 80... Rh6+ 81. Kg4 Rh4+ 82. Kf5 Rf4+ 83.
Qxf4 Ka7 84. Qd4+ Ka6 85. Qb4 Ka7 86. Qb7#) 1/2-1/2

[Event "FSV-ch 2011"]
[Site "Dortmund"]
[Date "2011.05.26"]
[Round "9.1"]
[White "Schulenburg, Pit"]
[Black "Begna, Bozidar"]
[Result "1-0"]
[WhiteElo "2127"]
[BlackElo "1960"]
[PlyCount "83"]
[EventDate "2011.??.??"]

1. e4 Nf6 2. Nc3 e5 3. Bc4 Nc6 4. d3 Be7 5. f4 Bb4 6. Bd2 exf4 7. Nf3 O-O 8.
O-O Bc5+ 9. Kh1 Ng4 10. d4 Nxd4 11. Bxf4 Ne6 12. Ng5 Nxg5 $2 ({
Schwarz traut sich nicht. Nichts sprach gegen} 12... Nf2+ 13. Rxf2 Bxf2 14. Qh5
h6 $1 $19 ({nicht} 14... Nxg5 $2 15. Bxg5 Qe8 16. Nd5 {
und Schwarz haette gewaltige Probleme.})) 13. Qxg4 d5 {(=)} 14. Qh5 dxc4 15.
Rad1 Bd6 16. Bxg5 f6 17. Bf4 Qe7 18. Qb5 Bxf4 19. Rxf4 Qe5 20. Qxe5 fxe5 21.
Rxf8+ Kxf8 22. Rd8+ Ke7 23. Rh8 c6 24. Rxh7 Kf7 25. Rh8 b6 26. h4 Bb7 27. Rxa8
Bxa8 28. Kg1 Bb7 29. Kf2 Bc8 30. Kf3 b5 31. Nd1 c3 {Unbegruendete
Verzweiflung! Schwarz hat zwar ohnehin praktisch einen Bauern weniger, da sein
Doppelbauernkomplex keinen Freibauern bilden kann. Doch Weiss kommt mit seinen
Bauern am anderen Fluegel nur sehr schwer, wenn ueberhaupt, voran.} 32. Nxc3
Be6 ({Wenn schon das Bauernopfer, dann} 32... b4 33. Nd1 Be6 {
um wenigsten etwas Gegenspiel zu bekommen.}) 33. b4 Ke7 34. a3 Kd6 35. Nd1 c5
36. c3 cxb4 37. cxb4 a5 38. Nc3 axb4 39. axb4 Bc4 40. Kg4 Ke6 41. Kg5 Bf1 42.
g3 {und Schwarz verliert einen weiteren Bauern.} 1-0

[Event "FSV-ch 2011"]
[Site "Dortmund"]
[Date "2011.05.26"]
[Round "9.2"]
[White "Jost, Udo"]
[Black "Naundorf, Maik"]
[Result "1/2-1/2"]
[WhiteElo "1792"]
[BlackElo "2071"]
[PlyCount "82"]
[EventDate "2011.??.??"]

1. e4 d6 2. Bc4 Nf6 3. d3 c5 4. Ne2 Nc6 5. a3 g6 6. c3 Bg7 7. Nd2 Ne5 8. f4
Nxc4 9. Nxc4 d5 10. Ne5 dxe4 11. d4 cxd4 12. Nxd4 O-O 13. Qe2 a6 14. g4 e3 15.
Bxe3 Qd5 16. Rg1 Qe4 17. Bd2 Rd8 18. h3 Bd7 19. Kf2 Qxe2+ 20. Kxe2 Be8 21. Be3
Nd5 22. Rae1 Rac8 23. Bc1 e6 24. Kf2 Nb6 25. Kg3 Nc4 26. Nef3 Nd6 27. Ne5 Nc4
28. Nef3 Nd6 29. Kh2 Nb5 30. Nc2 Bc6 31. Ne5 Bd5 32. Ne3 Bb3 33. g5 Nd6 34.
N3g4 Nf5 35. Be3 Nxe3 36. Rxe3 Rd2+ 37. Kg3 Rcd8 38. Rg2 Rd1 39. c4 Ba4 40.
Nf6+ Bxf6 41. gxf6 Rc1 1/2-1/2

[Event "FSV-ch 2011"]
[Site "Dortmund"]
[Date "2011.05.26"]
[Round "9.3"]
[White "Dite, Alexander"]
[Black "Zelt, Jens"]
[Result "1/2-1/2"]
[WhiteElo "1607"]
[BlackElo "2070"]
[PlyCount "120"]
[EventDate "2011.??.??"]

1. d4 d5 2. c4 c6 3. Nc3 Nf6 4. Nf3 e6 5. Bg5 Be7 6. e3 O-O 7. Rc1 a6 8. Bd3 h6
9. Bf4 Nbd7 10. O-O dxc4 11. Bxc4 Nd5 12. Nxd5 exd5 13. Bd3 Bf6 14. b4 Qe7 15.
Qb3 Re8 16. a4 Nf8 17. b5 axb5 18. axb5 Ra3 19. Qc2 Bd7 20. bxc6 bxc6 21. Ra1
Rea8 22. Rxa3 Qxa3 23. Ne5 Bxe5 24. Bxe5 Be8 25. h3 Nd7 26. Bg3 g6 27. Be2 Nf8
28. Rb1 {(=)} 28... Qe7 29. Rb8 Rxb8 30. Bxb8 Ne6 31. Qa2 Qb4 32. Bg3 Qe7 33.
Qa8 Kg7 34. Qb8 f6 35. Qd6 Kf7 36. Bd3 Nf8 37. Kf1 Qa7 38. Qc7+ Qxc7 39. Bxc7
Ke6 40. Ke2 g5 41. g4 Bg6 42. Ba6 Kd7 43. Bb6 Ne6 44. f3 h5 45. Ba5 hxg4 46.
hxg4 c5 47. dxc5 Nxc5 48. Bb5+ Ke6 49. Bb4 Nb7 50. f4 {(=)} 50... gxf4 51. exf4
Be4 52. g5 fxg5 53. fxg5 Kf5 54. Be7 Ke6 55. Bf6 Bg6 56. Bc6 Nd6 57. Bxd5+ Kxd5
58. Ke3 Ke6 59. Kd4 Bb1 60. Kc5 Ne4+ 1/2-1/2

[Event "FSV-ch 2011"]
[Site "Dortmund"]
[Date "2011.05.26"]
[Round "9.4"]
[White "Lauche, Christoph"]
[Black "Morawietz, Manuel"]
[Result "1-0"]
[WhiteElo "1890"]
[BlackElo "1969"]
[PlyCount "78"]
[EventDate "2011.??.??"]

1. e4 e5 2. f4 exf4 3. Bc4 Qh4+ 4. Kf1 d6 5. Nf3 Qf6 6. Nc3 Ne7 7. d4 g5 8. e5
Qh6 9. Ne4 d5 10. Nf6+ Kd8 11. Nxd5 Nf5 12. Kg1 Be6 13. Bb3 Nd7 14. h4 Bxd5 15.
Bxd5 Nxh4 16. Nxh4 gxh4 17. Bxf7 Be7 18. Qf3 Bg5 19. Qxb7 Rb8 20. Qd5 Rb6 21.
e6 Rd6 22. Qa8+ Ke7 23. Qxh8 Nf6 24. Qc8 f3 25. Qxc7+ Nd7 26. exd7 Be3+ 27. Kf1
fxg2+ 28. Kxg2 $2 (28. Ke2 $1 Rxd7 29. Qe5+ Kxf7 30. Bxe3 {usw.}) 28... Qg5+
29. Kf3 Qf4+ $2 (29... Rf6+ $1 $19 30. Ke2 Qg4+ 31. Ke1 Bf2+ 32. Kd2 Qxd4+ 33.
Ke2 Qe4+ 34. Kd2 Qe3+ 35. Kd1 Qf3+ 36. Kd2 Be3+ {usw.}) 30. Ke2 Qf2+ 31. Kd3
Rxd4+ 32. Kc3 Bd2+ 33. Kb3 Qxf7+ 34. c4 Qf3+ 35. Ka4 Rxd7 36. Re1+ $1 Bxe1 37.
Bg5+ Ke6 38. Rxe1+ Kf5 39. Qxd7+ Kxg5 1-0

[Event "FSV-ch 2011"]
[Site "Dortmund"]
[Date "2011.05.26"]
[Round "9.5"]
[White "Melmer, Felix"]
[Black "Schulz-Runge, Mi"]
[Result "1-0"]
[WhiteElo "1917"]
[BlackElo "1781"]
[PlyCount "67"]
[EventDate "2011.??.??"]

1. e4 c5 2. Nc3 Nc6 3. f4 d6 4. Nf3 Bg4 5. Bb5 a6 6. Bxc6+ bxc6 7. O-O e6 8. d4
Qb6 9. d5 exd5 10. exd5 Nf6 11. Re1+ Be7 12. h3 Bf5 13. Qe2 Ra7 14. g4 Bc8 15.
dxc6 Qxc6 16. Kh2 h5 17. g5 Qd7 18. Ng1 ({Oder auch} 18. Qxe7+ $1 Qxe7 19. gxf6
gxf6 20. Nd5 Qxe1 21. Nxe1) 18... Ng4+ 19. Kg3 (19. hxg4 $1) 19... Qc6 20. hxg4
h4+ 21. Kh2 Rd7 22. Qf3 d5 23. f5 Kf8 24. Bf4 Bb7 25. Rad1 Bd6 26. Nh3 Qb6 27.
Bxd6+ Rxd6 28. Qe3 Qd8 29. Qxc5 Kg8 30. Qe3 Qc7 31. Qe5 Qc5 32. Qe8+ Kh7 33.
g6+ fxg6 34. Ng5+ (34. Ng5+ Kh6 35. Nf7+ Kh7 36. Qxh8#) 1-0

[Event "FSV-ch 2011"]
[Site "Dortmund"]
[Date "2011.05.26"]
[Round "9.6"]
[White "Grube, Jörg"]
[Black "Reschop, Romano"]
[Result "1-0"]
[WhiteElo "1886"]
[BlackElo "1703"]
[PlyCount "77"]
[EventDate "2011.??.??"]

1. e4 c5 2. Nf3 Nc6 3. Nc3 d6 4. d4 cxd4 5. Nxd4 Nf6 6. Bg5 e6 7. Qd2 a6 8.
O-O-O Bd7 9. f3 Be7 10. Be3 Qa5 11. Nb3 Qc7 12. g4 h6 13. Qf2 b5 14. Kb1 Rb8
15. h4 Ne5 16. Bh3 Nc4 17. Bc1 b4 18. Ne2 Rc8 19. Ng3 Nh7 20. Nh5 g6 21. Ng7+
Kd8 22. Bxh6 Bf6 23. Nd4 Rg8 24. Ngxe6+ fxe6 25. g5 Bxd4 26. Qxd4 Ke7 27. Bf1 {
Der Zug unterbricht die Turmverbindung von Weiss, weshalb Schwarz den Turm auf
d1 wohl faelschlicherweise als ungedeckt ansah. Dies erklaert zumindest den
folgenden "Veropferer" ...} 27... Na3+ $2 28. bxa3 Qxc2+ 29. Ka1 Qc3+ 30. Qxc3
Rxc3 31. axb4 Rxf3 32. Bc4 Rc8 33. Bb3 Rb8 34. Rd4 Bc6 35. Rhd1 d5 36. exd5
exd5 37. Re1+ Kf7 38. Rxd5 Rxb3 39. Rc5 {und Schwarz ueberschritt die Zeit!} ({
Weiss haette gewonnen wie folgt:} 39. Rc5 R3xb4 40. Rxc6 R4b6 41. Rc7+ Kg8 42.
Rec1 Nf8 43. Rc8 Rb1+ 44. Rxb1 Rxc8 45. Rb6) 1-0

[Event "FSV-ch 2011"]
[Site "Dortmund"]
[Date "2011.05.26"]
[Round "9.7"]
[White "Schütz, Ralf"]
[Black "Dieckmann, Rudolf"]
[Result "1-0"]
[WhiteElo "1798"]
[BlackElo "1592"]
[PlyCount "55"]
[EventDate "2011.??.??"]

1. e4 c5 2. Nf3 Nc6 3. d4 cxd4 4. Nxd4 e5 5. Nb5 d6 6. N1c3 a6 7. Na3 Nf6 8.
Bg5 Be7 9. Bxf6 Bxf6 10. Nc4 Nd4 11. Nd5 b5 12. Ncb6 Rb8 13. Nxc8 Rxc8 14. c3
Nc6 15. a4 Rb8 16. axb5 axb5 17. Nxf6+ gxf6 18. Qd5 Ne7 19. Bxb5+ Kf8 20. Qd3
d5 21. O-O f5 22. exf5 e4 23. Qd4 Rg8 24. f6 Rxb5 25. fxe7+ Kxe7 26. c4 dxc4
27. Qxe4+ (27. Ra7+ $1) 27... Kf6 28. Qc6+ 1-0

[Event "FSV-ch 2011"]
[Site "Dortmund"]
[Date "2011.05.26"]
[Round "9.9"]
[White "Gennat, Egon L"]
[Black "Knackstedt, Ulf"]
[Result "0-1"]
[WhiteElo "1409"]
[BlackElo "1748"]
[PlyCount "124"]
[EventDate "2011.??.??"]

1. d4 Nf6 2. Nf3 d6 3. c4 g6 4. Nc3 Bg7 5. e4 O-O 6. h3 c5 7. d5 e6 8. Bd3 exd5
9. cxd5 Re8 10. O-O Na6 11. Re1 Nb4 12. Bb1 Nh5 13. a3 Na6 14. Bg5 Qa5 15. Bd2
Qb6 16. Qc2 c4 17. Na4 Qc7 18. Bc3 b5 19. Bxg7 Kxg7 20. Nc3 Qc5 21. b4 Qb6 22.
Qd2 Nc7 23. Qd4+ Qxd4 24. Nxd4 Bd7 25. Bc2 Nf6 26. Re3 a5 27. Ree1 Ra6 28. f3
Rea8 29. Rab1 axb4 30. axb4 Ra3 31. Nce2 h5 32. Kf2 g5 33. Ng3 Ra2 34. Rec1
R8a6 35. Kf1 h4 36. Nge2 R6a3 37. Kf2 Ng8 38. g4 Kf6 39. Nf5 Bxf5 40. gxf5 Ke5
41. Bd1 Ne7 42. Rc2 Rxc2 43. Bxc2 Nc8 44. Rb2 Na6 45. Ng1 c3 46. f4+ gxf4 47.
Nf3+ Kf6 48. Rb1 Ra2 49. Nd4 Rb2 50. Rxb2 cxb2 51. Nxb5 Nxb4 52. Bb1 Ke5 53.
Kf3 Nb6 54. Kg4 Nc4 55. Kxh4 Nd2 56. Na3 Nxb1 57. Nxb1 Kxe4 58. Kg4 f3 59. Kg3
Ke3 60. h4 f2 61. Kg2 Ke2 62. Nc3+ Ke1 0-1

[Event "FSV-ch 2011"]
[Site "Dortmund"]
[Date "2011.05.26"]
[Round "9.10"]
[White "Schicktanz, Florian"]
[Black "Rzoczek, Christoph"]
[Result "1/2-1/2"]
[WhiteElo "1569"]
[BlackElo "1523"]
[PlyCount "83"]
[EventDate "2011.??.??"]

1. Nf3 d6 2. d4 Nf6 3. c4 g6 4. Nbd2 Bg7 5. e4 O-O 6. b3 Nbd7 7. Bb2 c5 8. d5
a5 9. Bd3 Ng4 10. Bxg7 Kxg7 11. O-O Nde5 12. Be2 f5 13. h3 Nxf3+ 14. Bxf3 Ne5
15. Be2 f4 16. Qc2 Kg8 17. Qc3 e6 18. Nf3 Nxf3+ 19. Bxf3 e5 20. a3 Qg5 21. Kh2
Qh4 22. Kg1 g5 23. b4 g4 24. hxg4 Bxg4 25. bxc5 Rf6 26. Rfd1 Bxf3 27. Qxf3 dxc5
28. Kf1 h5 29. Ke2 Qg4 30. Rh1 Qxf3+ 31. Kxf3 Rh6 32. Rab1 b6 33. Rb5 Kf7 34.
Rhb1 Ra6 35. Rd1 Rd6 36. Rh1 Rh6 37. a4 Kg6 38. Rhb1 Kg5 39. Rd1 Rd6 40. Rh1
Rh6 41. Rd1 Rd6 42. Rh1 1/2-1/2

[Event "FSV-ch 2011"]
[Site "Dortmund"]
[Date "2011.05.26"]
[Round "9.11"]
[White "Bommert, Christian"]
[Black "Hübel, Carsten"]
[Result "1-0"]
[WhiteElo "1770"]
[BlackElo "1411"]
[PlyCount "27"]
[EventDate "2011.??.??"]

1. e4 c5 2. Nc3 e6 3. f4 Nc6 4. Bb5 Qc7 5. d3 a6 6. Ba4 g6 7. Nf3 Bg7 8. O-O
Nge7 9. Qe1 O-O 10. Bb3 b5 11. Qh4 Qd8 12. f5 exf5 13. Bh6 Kh8 14. Ng5 1-0

[Event "FSV-ch 2011"]
[Site "Dortmund"]
[Date "2011.05.26"]
[Round "9.12"]
[White "Vogt, Christian"]
[Black "Benke, Werner"]
[Result "1/2-1/2"]
[WhiteElo "1453"]
[BlackElo "1556"]
[PlyCount "57"]
[EventDate "2011.??.??"]

1. d4 d5 2. c4 e6 3. Nc3 Nf6 4. cxd5 exd5 5. Bg5 Be7 6. e3 Nbd7 7. Bd3 O-O 8.
Nge2 h6 9. Bh4 a6 10. a4 b6 11. O-O Bb7 12. Rb1 c5 13. b3 Re8 14. Qc2 Rc8 15.
Bf5 cxd4 16. exd4 b5 17. axb5 axb5 18. Qd3 b4 19. Na4 Ra8 20. Rfc1 Qa5 21. Bxd7
Nxd7 22. Bxe7 Rxe7 23. Nf4 Rae8 24. h3 Re4 25. Nc5 Nxc5 26. Rxc5 Qd8 27. Nh5
Qd6 28. Ng3 R4e6 29. Qb5 {Die Partie ist ab hier nicht mehr rekonstruierbar.
Sie endete nach rund 70 Zuegen, wobei Weiss in der Schlussphase unter
Zeitdruck mehrfach einen Gewinn im Turmendspiel verpasste ...} 1/2-1/2

[Event "FSV-ch 2011"]
[Site "Dortmund"]
[Date "2011.05.26"]
[Round "9.13"]
[White "Skalweit, Wolfgang"]
[Black "Milonas, Georgios"]
[Result "0-1"]
[WhiteElo "1428"]
[BlackElo "1590"]
[PlyCount "30"]
[EventDate "2011.??.??"]

1. f4 d5 2. Nf3 Nf6 3. c3 g6 4. d3 Bg7 5. Qc2 Bf5 6. g3 O-O 7. Bg2 c5 8. O-O
Nc6 9. Nbd2 c4 10. Ne1 Qb6+ 11. Kh1 Ng4 12. Ndf3 Nf2+ 13. Kg1 Nxd3+ 14. Kh1
Nf2+ 15. Kg1 Bxc2 0-1

[Event "FSV-ch 2011"]
[Site "Dortmund"]
[Date "2011.05.26"]
[Round "9.14"]
[White "Völler, Lothar"]
[Black "Busch, J. Malo"]
[Result "1-0"]
[WhiteElo "1491"]
[BlackElo "1220"]
[PlyCount "71"]
[EventDate "2011.??.??"]

1. e4 e5 2. Nf3 Nc6 3. c3 Nf6 4. d4 exd4 5. e5 Nd5 6. cxd4 d6 7. Bc4 Be6 8. O-O
Qd7 9. Re1 O-O-O 10. Ng5 dxe5 11. dxe5 Bf5 12. a3 h6 13. Nf3 g5 14. Bb5 a6 15.
Bxc6 Qxc6 16. Nd4 Qg6 17. Nxf5 Qxf5 18. Qd4 b6 19. Qe4 Qxe4 20. Rxe4 Bg7 21.
Nd2 b5 22. h3 Nf4 23. g3 Nd3 24. Nf3 Rhe8 25. h4 f5 26. exf6 Rxe4 27. fxg7 Nxc1
28. Rxc1 g4 29. Nh2 h5 30. Rc5 Kb7 31. Rxh5 Re1+ 32. Kg2 Rdd1 33. Nxg4 Rd8 34.
Rh8 Ree8 35. Rxe8 Rxe8 36. Nf6 1-0

[Event "FSV-ch 2011"]
[Site "Dortmund"]
[Date "2011.05.26"]
[Round "9.15"]
[White "Reinacher, Detlev"]
[Black "Raabe, Hans-Ulrich"]
[Result "1-0"]
[WhiteElo "1610"]
[BlackElo "1511"]
[PlyCount "53"]
[EventDate "2011.??.??"]

1. Nf3 Nf6 2. g3 g6 3. Bg2 Bg7 4. d3 d6 5. c3 Nbd7 6. Nbd2 c6 7. Qc2 O-O 8. O-O
Re8 9. a3 a5 10. b3 Qc7 11. Bb2 b6 12. e4 Bb7 13. c4 c5 14. Rfe1 Ng4 15. d4
cxd4 16. Nxd4 Qc5 17. N2f3 Nde5 18. Rad1 Nxf3+ 19. Bxf3 Qh5 20. h4 Bc8 21. e5
Bf5 22. Nxf5 gxf5 23. Bxa8 Rxa8 24. exd6 exd6 25. Bxg7 Kxg7 26. Rxd6 f4 27. Rd5
1-0

[Event "FSV-ch 2011"]
[Site "Dortmund"]
[Date "2011.05.26"]
[Round "9.16"]
[White "Raskin, Vitali"]
[Black "Winkler, Harald"]
[Result "1-0"]
[WhiteElo "1768"]
[BlackElo "1318"]
[PlyCount "63"]
[EventDate "2011.??.??"]

1. d4 Nf6 2. c4 d5 3. Nc3 e6 4. Nf3 Bb4 5. a3 Bxc3+ 6. bxc3 dxc4 7. Qa4+ Nbd7
8. Qxc4 O-O 9. Bg5 c6 10. e4 Qc7 11. Bd3 b5 12. Qa2 a6 13. O-O Bb7 14. e5 Nd5
15. Qc2 g6 16. Qd2 f5 17. c4 bxc4 18. Bxc4 Rf7 19. Rac1 N7b6 20. Ba2 Qd7 21.
Rb1 Ra7 22. Bh4 Bc8 23. Rfc1 Rc7 24. Bf6 Nxf6 25. exf6 Qd6 26. Rxb6 Rxf6 27.
Qc3 Bb7 28. Qc5 Qxc5 29. dxc5 Kg7 30. Ne5 h6 31. Rd1 h5 32. Rd7+ 1-0

[Event "FSV-ch 2011"]
[Site "Dortmund"]
[Date "2011.05.26"]
[Round "9.17"]
[White "Kirmes, H.-Uwe"]
[Black "Pauli, Helmut"]
[Result "1-0"]
[WhiteElo "1390"]
[BlackElo "1205"]
[PlyCount "75"]
[EventDate "2011.??.??"]

1. f4 g6 2. Nf3 c5 3. g3 Nc6 4. Bg2 e6 5. O-O Bg7 6. Nc3 a6 7. d3 d5 8. e4 Nge7
9. e5 b5 10. d4 c4 11. Bd2 a5 12. Nxb5 O-O 13. Nd6 Ba6 14. Bc3 Rb8 15. a3 Nc8
16. Nxc8 Rxc8 17. Rb1 Re8 18. Qd2 Bf8 19. Rfe1 Rb8 20. h3 Rb5 21. Nh2 h5 22.
Nf3 Bh6 23. h4 Qc7 24. Kh1 Reb8 25. Bh3 a4 26. Rg1 Bf8 27. Rbc1 Bh6 28. g4 hxg4
29. Rxg4 Kf8 30. Ng5 Ne7 31. Nh7+ Kg7 32. Nf6 Nf5 33. h5 Qe7 34. hxg6 Rh8 35.
Bb4 Qc7 36. Nh5+ Kg8 37. g7 Nxg7 38. Nf6# 1-0

[Event "FSV-ch 2011"]
[Site "Dortmund"]
[Date "2011.05.26"]
[Round "9.18"]
[White "Jentzsch, W. W."]
[Black "Weischer, Wolfgang"]
[Result "0-1"]
[WhiteElo "1169"]
[BlackElo "1553"]
[PlyCount "26"]
[EventDate "2011.??.??"]

1. d4 d5 2. Bf4 Nf6 3. Nf3 c5 4. e3 Qb6 5. b3 Bf5 6. Bd3 Ne4 7. Nh4 Qb4+ 8. Ke2
Bd7 9. Bxe4 dxe4 10. d5 Bg4+ 11. f3 exf3+ 12. gxf3 Bh5 13. Be5 Qxh4 0-1

[Event "FSV-ch 2011"]
[Site "Dortmund"]
[Date "2011.05.26"]
[Round "9.19"]
[White "Herrmann, Rudolf"]
[Black "Tautz, Eugen"]
[Result "1/2-1/2"]
[WhiteElo "1308"]
[BlackElo "1438"]
[PlyCount "98"]
[EventDate "2011.??.??"]

1. d4 d5 2. Nf3 Nc6 3. c4 dxc4 4. Nc3 e6 5. e4 Nf6 6. Bxc4 a6 7. h3 Be7 8. O-O
b5 9. d5 Na5 10. Bb3 Nxb3 11. Qxb3 O-O 12. Re1 exd5 13. Nxd5 Nxd5 14. exd5 Bb7
15. Rd1 Bd6 16. Bg5 f6 17. Bd2 Qe7 18. Ba5 Qf7 19. Qd3 Rad8 20. g3 Bc8 21. Kg2
Qh5 22. h4 Bg4 23. Rac1 Rd7 24. Rd2 Re7 25. a3 Bf5 26. Qb3 Be4 27. Bb4 Bxb4 28.
axb4 Kh8 29. Rc3 Rd8 30. Rc5 Qg4 31. Qd1 Red7 32. Qe2 h6 33. Qe3 Bxf3+ 34. Qxf3
Qxb4 35. Qe3 Qg4 36. Qc3 Qe4+ 37. Kh2 Rxd5 38. Rcxd5 Rxd5 39. Rxd5 Qxd5 40.
Qxc7 Qd4 41. Qc8+ Kh7 42. Qf5+ g6 43. Qc2 Qc4 44. Qd2 Qe6 45. b4 Kg7 46. Kg1 h5
47. Kf1 Qc4+ 48. Kg1 Qe6 49. Kg2 f5 1/2-1/2

[Event "FSV-ch 2011"]
[Site "Dortmund"]
[Date "2011.05.26"]
[Round "9.20"]
[White "Maffei, Hendrik"]
[Black "Wangrin, Stefan A"]
[Result "1/2-1/2"]
[WhiteElo "1264"]
[BlackElo "1140"]
[PlyCount "101"]
[EventDate "2011.??.??"]

1. Nf3 d5 2. c4 e6 3. b3 c5 4. g3 Nf6 5. Bg2 Nc6 6. d3 h6 7. Bb2 d4 8. O-O Bd6
9. a3 a5 10. Nbd2 O-O 11. e3 e5 12. exd4 Nxd4 13. Nxd4 exd4 14. Ne4 Nxe4 15.
Bxe4 Rb8 16. Qf3 Be5 17. Rfe1 Qf6 18. Qxf6 Bxf6 19. Kg2 b6 20. a4 Bb7 21. Bc1
Be5 22. Bxb7 Bxg3 23. hxg3 Rxb7 24. Re2 f5 25. Bd2 g5 26. Rae1 Rff7 27. Re8+
Kg7 28. f4 g4 29. R8e6 Rb8 30. Re7 Rxe7 31. Rxe7+ Kf6 32. Re5 Rc8 33. Rd5 Rc6
34. Kf2 Ke6 35. Ke2 Kf6 36. Be1 Ke6 37. Kd1 Kf6 38. Bf2 Ke7 39. Bxd4 cxd4 40.
Rxd4 Rd6 41. Rxd6 Kxd6 42. d4 h5 43. Ke2 Kc6 44. Ke3 Kd6 45. d5 Kc5 46. Kf2 Kd6
47. Ke2 Kc5 48. Kd3 Kd6 49. Kd4 Kd7 50. Ke3 Kd6 51. Kd4 1/2-1/2

[Event "FSV-ch 2011"]
[Site "Dortmund"]
[Date "2011.05.26"]
[Round "9.21"]
[White "Rabe, Mark"]
[Black "Wickenfeld, Udo"]
[Result "0-1"]
[WhiteElo "1011"]
[BlackElo "1282"]
[PlyCount "72"]
[EventDate "2011.??.??"]

1. d4 Nf6 2. Nf3 e6 3. e3 b6 4. Be2 Bb7 5. O-O Be7 6. Nc3 a6 7. Nd2 d5 8. Bf3
c6 9. e4 O-O 10. e5 Ne4 11. Ndxe4 dxe4 12. Bxe4 g6 13. g3 Bg5 14. f4 Be7 15.
Bd2 Qxd4+ 16. Rf2 Rd8 17. Qe2 Bc5 18. Kf1 Qb4 $4 (18... Qxf2+ 19. Qxf2 Bxf2 20.
Kxf2 Rxd2+) 19. Nd1 Qd4 20. Be3 Qxe4 21. Rf3 a5 22. Nc3 Qb4 23. Rd1 Nd7 24.
Bxc5 bxc5 25. Kg2 Qxb2 26. Rfd3 Ba6 27. Qf2 Bxd3 28. Rxd3 c4 29. Rd2 Qxc3 30.
Rd6 Qb4 31. Kh3 c5 32. Qf3 Qb8 33. Qg4 Nf8 34. f5 Rxd6 35. f6 Rd5 36. Qh4 Qxe5
0-1

[Event "FSV-ch 2011"]
[Site "Dortmund"]
[Date "2011.05.26"]
[Round "9.22"]
[White "Jürgens, Ulrich"]
[Black "Riepe, Markus"]
[Result "0-1"]
[WhiteElo "1131"]
[BlackElo "900"]
[PlyCount "78"]
[EventDate "2011.??.??"]

1. Nf3 Nf6 2. d4 d5 3. Bf4 g6 4. g3 Nbd7 5. Bg2 Bg7 6. Nc3 e6 7. Ne5 O-O 8. Bg5
c6 9. b4 Qb6 10. a3 Nxe5 11. Bxf6 Bxf6 12. dxe5 Bxe5 13. Qd3 Qd4 14. Kd2 Qxf2
15. Bf3 a5 16. Raf1 Qb6 17. b5 Qd8 18. h4 Bxg3 19. Qd4 e5 20. Qg1 Bf4+ 21. Kd1
d4 22. Ne4 cxb5 23. Bh5 Bf5 24. Qg2 b4 25. Rxf4 exf4 26. Nc5 bxa3 27. Bg4 a2
28. Kd2 a1=Q 29. Rxa1 Qxh4 30. Bxf5 f3 31. exf3 Qf4+ 32. Ke2 Rfe8+ 33. Be4 Qe3+
34. Kf1 Rac8 35. Nd7 Kg7 36. Rxa5 Qf4 37. Rg5 Rxe4 38. Rg4 Qc1+ 39. Kf2 Rxc2+
0-1

[Event "FSV-ch 2011"]
[Site "Dortmund"]
[Date "2011.05.26"]
[Round "9.23"]
[White "Reker, Gerhard"]
[Black "vd Mescht, Adrian"]
[Result "0-1"]
[WhiteElo "755"]
[BlackElo "756"]
[PlyCount "100"]
[EventDate "2011.??.??"]

1. e4 e5 2. Nf3 Nc6 3. Bb5 Nge7 4. Nc3 a6 5. Bxc6 Nxc6 6. Nd5 Bc5 7. O-O O-O 8.
c3 d6 9. d4 Ba7 10. Bg5 Qd7 11. dxe5 dxe5 12. Ne7+ Nxe7 13. Qxd7 Bxd7 14. Bxe7
Rfe8 15. Bh4 Bg4 16. Ng5 f6 17. Nh3 Bxh3 18. gxh3 Rad8 19. Rad1 c6 20. Rxd8
Rxd8 21. Bg3 Rd2 22. Rb1 Re2 23. Rd1 Rxe4 24. Rd8+ Kf7 25. Rd7+ Ke6 26. Rxb7
Re1+ 27. Kg2 Bc5 28. Rxg7 h5 29. b4 Bf8 30. Ra7 Rc1 31. Ra8 Bh6 32. Rxa6 Rxc3
33. a4 Kd5 34. Bh4 Bg5 35. Bg3 h4 36. Ra5+ c5 37. b5 hxg3 38. fxg3 e4 39. h4
Rc2+ 40. Kh3 Bh6 41. b6 Kc6 42. Rb5 Bf8 43. b7 Bd6 44. b8=Q Bxb8 45. Rxb8 e3
46. Rc8+ Kb7 47. Re8 e2 48. Re7+ Kb6 49. Re6+ Ka5 50. Rxf6 e1=Q 0-1